Government construction and infrastructure pipeline (Record no. 113024)

MARC details
000 -LEADER
fixed length control field 00999cad a22002055a 4500
001 - CONTROL NUMBER
control field L154518
008 - FIXED-LENGTH DATA ELEMENTS--GENERAL INFORMATION
fixed length control field 111218s2011 xxk f 000 0 eng d
035 ## - SYSTEM CONTROL NUMBER
System control number (Sirsi) u154518
041 0# - LANGUAGE CODE
Language code of text/sound track or separate title eng
110 2# - MAIN ENTRY--CORPORATE NAME
Corporate name or jurisdiction name as entry element United Kingdom
Subordinate unit HM Government
9 (RLIN) 5056
245 00 - TITLE STATEMENT
Title Government construction and infrastructure pipeline
Remainder of title November 2011
Medium [electronic resource]
260 ## - PUBLICATION, DISTRIBUTION, ETC.
Place of publication, distribution, etc. London
Name of publisher, distributor, etc. HM Government
Date of publication, distribution, etc. 2011
520 ## - SUMMARY, ETC.
Summary, etc. The updated version of the Funded Construction Pipeline follows the commitments stated in the Plan for Growth at Budget 2011 and consolidates the Government Funded Construction Pipeline and the National Infrastructure Plan pipeline for public, regulated and private sector infrastructure.
590 ## - LOCAL NOTE (RLIN)
Local note KA NTK
651 #4 - SUBJECT ADDED ENTRY--GEOGRAPHIC NAME
Geographic name United Kingdom
Chronological subdivision
690 ## - LOCAL SUBJECT ADDED ENTRY--TOPICAL TERM (OCLC, RLIN)
Topical term or geographic name as entry element Procurement
9 (RLIN) 6260
690 ## - LOCAL SUBJECT ADDED ENTRY--TOPICAL TERM (OCLC, RLIN)
Topical term or geographic name as entry element BUILT ENVIRONMENT-CONSTRUCTION MARKET
856 40 - ELECTRONIC LOCATION AND ACCESS
Uniform Resource Identifier <a href="https://data.gov.uk/construction-and-infrastructure-pipeline">https://data.gov.uk/construction-and-infrastructure-pipeline</a>
Public note View the website and open the attached pipeline data at data.gov.uk
--
942 ## - ADDED ENTRY ELEMENTS (KOHA)
Suppress in OPAC 0
Holdings
Withdrawn status Lost status Source of classification or shelving scheme Damaged status Not for loan Home library Current library Shelving location Date acquired Total Checkouts Full call number Barcode Date last seen Copy number Price effective from Koha item type
    Dewey Decimal Classification     Virtual Virtual Online 18/12/2011   ONLINE PUBLICATION 154518-2001 06/08/2019 1 06/08/2019 Book